Pablo diablo / (Record no. 157589)

MARC details
000 -CABECERA
campo de control de longitud fija 00707nam a2200229 u 4500
005 - FECHA Y HORA DE LA ÚLTIMA TRANSACCIÓN
campo de control 20220916063531.0
008 - ELEMENTOS DE LONGITUD FIJA--INFORMACIÓN GENERAL
campo de control de longitud fija 120627s2010 r 000 0 eng d
020 ## - NÚMERO INTERNACIONAL NORMALIZADO PARA LIBROS
Número Internacional Estándar del Libro 9786074714395
035 ## - NÚMERO DE CONTROL DEL SISTEMA
Número de control de sistema UPN01000185486
049 ## - COLECCIÓN
Colección I
050 #4 - SIGNATURA TOPOGRÁFICA DE LA BIBLIOTECA DEL CONGRESO
Número de clasificación PZ8
Número de documento/Ítem S5.6
100 1# - ASIENTO PRINCIPAL--NOMBRE PERSONAL
Nombre de persona Simon, Francesca,
Fechas asociadas al nombre 1955-
245 10 - MENCIÓN DE TÍTULO
Título Pablo diablo /
Mención de responsabilidad, etc. Francesca Simon ; il. de Tony Ross ; tr. de Miguel Azaola.
260 ## - PUBLICACIÓN, DISTRIBUCIÓN, ETC.
Lugar de publicación, distribución, etc. México :
Nombre del editor, distribuidor, etc. SM,
Fecha de publicación, distribución, etc. 2010.
300 ## - DESCRIPCIÓN FÍSICA
Extensión 95 p. :
Otras características físicas il.
440 #3 - MENCIÓN DE SERIE/ASIENTO SECUNDARIO--TÍTULO
Título El barco de vapor.
Nombre de parte o sección de la obra A partir de 7 años ;
Designación de volumen o secuencia 26-M
534 ## - NOTA SOBRE LA VERSIÓN ORIGINAL
Frase introductoria Título original:
Mención de título del original Horrid henry
650 #7 - ASIENTO SECUNDARIO DE MATERIA - TERMINO TEMATICO
Término de materia o nombre geográfico como elemento de entrada Literatura infantil estadounidense
Fuente del encabezamiento o término
9 (RLIN) 9173
650 #4 - ASIENTO SECUNDARIO DE MATERIA - TERMINO TEMATICO
Término de materia o nombre geográfico como elemento de entrada HUMORISMO INFANTIL
9 (RLIN) 15728
905 ## - TIPO DE MATERIAL
Tipo de material Infantil
Holdings
Estado de retiro Estado de pérdida Fuente del sistema de clasificación o colocación Estado dañado No para préstamo Código de colección Localización permanente Ubicación/localización actual Ubicación en estantería Fecha de adquisición Clasificación Código de barras Fecha visto por última vez Número de copia Tipo de ítem Koha
    Library of Congress Classification     Infantil Bib. Gregorio Torres Quintero Bib. Gregorio Torres Quintero Sala infantil Planta baja 10/05/2023 PZ8 S5.6 283536 31/12/2020 1 Libro